00908nam a2200217 i 450000100060000000300090000600500170001500700030003200800410003510000360007624501490011226000420026130000310030350000580033470000360039270000340042871000570046285200320051999900170055195201220056845112ES-MaACL20250827035057.0t|030325s1964 sp ||||1| cat d1 aCodina y Ramón, Pablo.93943810aCamping b: técnica, orientacions generals / cPau Codina i Ramon ; illustracions de Jaume Ramón i Morros ; proleg de F. Martínez Massó. aBarcelona : bRafael Dalmau, c[1964] a96 p., 5 lám. ; c17 cm. aPrecede al tít.: Unió Excursionista de Catalunya.1 aRamón i Morros, Jaume.9952161 aMartínez Massó, F.9782182 aUnió Excursionista de Catalunya (Barcelona) 97004 aES-MaACLjC-25743 bR.54413 c45112d45112 00104070aATENEOMbATENEOMcDEPO2d2008-01-17eSCl0oC-25743p1047475r2023-02-23 00:00:00w2023-02-23yMONOGRAFIA